000 00875nam a22002417a 4500
999 _c20218
_d20218
003 AR-CdUCM
008 190528b ||||| |||| 00| 0 eng d
040 _aMUNICIPALIDAD PROVINCIAL DEL CUSCO
_cBIBLIOTECA MUNICIPAL DEL CUSCO
041 _hfre
082 _a512.89 /
_bD85
100 _aDubreil, P. y Dubreil-Jacontin, M. L.
_942265
245 _aLecciones de álgebra moderna /
260 _aBarcelona :
_bReverté,
_c1965.
300 _a434 páginas ;
_c22 cm.
505 _aContenido: Observaciones generales sobre algunas operaciones clásicas -- Leyes de composición -- Asociavidad, semigrupos...
650 _aLeyes de composición
_942266
650 _aLeyes matemáticas
_942267
650 _aSemigrupos, grupos
_942268
650 _aEspacios vectoriales
_942269
700 _aRodriguez Vidal, R. (traductor)
_942270
942 _2ddc
_cLIBROS
945 _aAndy